000 00637nam a2200181 4500
001 109537
003 ES-MaACL
005 20230906184848.0
007 t|
008 061121s1972 sp r ||||1| spa d
100 1 _aOltra Oltra, Francisco.
_987024
245 1 3 _aLa desalación y su situación en España /
_ceditores Francisco Oltra Oltra , Fernando Troyano Lobatón.
260 _aMadrid :
_bSección de Publicaciones de la J.E.N.,
_c1972.
300 _aXVI, 161 p. :
_bil ;
_c25 cm.
700 1 _aTroyano Lobatón, Fernando.
_9111531
710 2 _aJunta de Energía Nuclear (España)
_95390
852 _aES-MaACL
_jE-7691
_bR.91792
999 _c109537
_d109537